Countries and dependencies that start and end with vowels - Statistics

General Stats
  • This quiz has been taken 33 times
  • The average score is 18 of 27
Answer Stats
Continent Answer % Correct
Europe Albania
89%
Europe Austria
89%
South America Argentina
86%
Oceania Australia
86%
North America Antigua and Barbuda
82%
Asia India
82%
Asia/Oceania Indonesia
82%
Africa Algeria
79%
Europe Andorra
79%
Europe/Asia Armenia
79%
Africa Ethiopia
79%
Africa Angola
75%
Africa Eritrea
75%
North America United States of America
75%
Europe Ukraine
71%
South America Uruguay
71%
Africa Uganda
68%
Africa Eswatini
64%
Europe Italy
64%
Europe Estonia
61%
North America Anguilla
43%
North America Aruba
43%
Africa Equatorial Guinea
39%
Antarctica Antarctica
32%
Europe/Asia Abkhazia
21%
Oceania American Samoa
21%
Europe/Asia Akrotiri and Dhekelia
14%
No matching quizzes found
Score Distribution
Percent of People with Each Score
Percentile by Number Answered
Your Score History
You have not taken this quiz